LEADER 00980nam0-22003131i-450- 001 990002056650403321 005 20100205130900.0 035 $a000205665 035 $aFED01000205665 035 $a(Aleph)000205665FED01 035 $a000205665 100 $a20030910d1935----km-y0itay50------ba 101 0 $aita 102 $aIT 200 1 $aDispense di entomologia$eparte generale$eappunti secondo le lezioni del Prof. Filippo Silvestri illustrati dal Prof. Giuseppe Russo$fGiuseppe Russo 210 $a[S.l.$cs.n.]$d1935 215 $apaginazione varia$d24 cm 610 0 $aEntomologia Agraria 610 0 $aInsetti 676 $a595.7 700 1$aRusso,$bGiuseppe$f<1897-1978 ;$centomologo>$0433525 702 1$aSilvestri,$bFilippo$f<1873-1949> 801 0$aIT$bUNINA$gRICA$2UNIMARC 901 $aBK 912 $a990002056650403321 952 $a61 IX A.3/39$b2082 (30/06/1950)$fDAGEN 959 $aDAGEN 996 $aDispense di entomologia$9406239 997 $aUNINA LEADER 01147nlm0 22003491i 450 001 990009795480403321 005 20131126161641.0 010 $a9783527628384$bonline 035 $a000979548 035 $aFED01000979548 035 $a(Aleph)000979548FED01 035 $a000979548 100 $a20131126d2010----km-y0itay0103----ba 101 0 $aeng 135 $adrnn-008mamaa 200 1 $aEpigenetics and human health$bRisorsa elettronica$elinking hereditary, environmental, and nutritional aspects$fedited by Alexander G. Haslberger$gco-edited by Sabine Gressler 210 $aWeinheim$cWiley-VCH$d2010 230 $aDocumento elettronico 336 $aTesto 337 $aFormato pdf 610 0 $aEpigenetica 676 $a616.042 702 1$aHaslberger,$bAlexander G. 702 1$aGressler,$bSabine 801 0$aIT$bUNINA$gREICAT$2UNIMARC 856 4 $zFull text per gli utenti Federico II$uhttp://onlinelibrary.wiley.com/book/10.1002/9783527628384 901 $aEB 912 $a990009795480403321 961 $aEnvironmental health 961 $aMetagenomics 996 $aEpigenetics and human health$9836695 997 $aUNINA LEADER 01074nam0 22002891i 450 001 SUN0014305 005 20060102120000.0 010 $a88-86589-02-6 020 $aIT$b98 378s 100 $a20031204d1995 |0itac50 ba 101 $aita 102 $aIT 105 $a|||| ||||| 200 1 $aPsicopatologia della carriera universitaria$fFrancesco Attena 210 $aRoma$cPhilos$dstampa 1995 215 $a79 p.$d21 cm. 606 $aDocenti universitari$xProfessione$2FI$3SUNC007532 620 $dRoma$3SUNL000360 676 $a378.120945$v21 700 1$aAttena$b, Francesco$3SUNV010413$0718797 712 $aPhilos$3SUNV004158$4650 801 $aIT$bSOL$c20181109$gRICA 912 $aSUN0014305 950 $aUFFICIO DI BIBLIOTECA DEL DIPARTIMENTO DI GIURISPRUDENZA$d00 CONS XXI.Ea.20 $e00 798444687 995 $aUFFICIO DI BIBLIOTECA DEL DIPARTIMENTO DI GIURISPRUDENZA$h798444687$kCONS XXI.Ea.20$op$qa 996 $aPsicopatologia della carriera universitaria$91429334 997 $aUNICAMPANIA